| 000 | 01154nam a2200313 i 4500 | ||
|---|---|---|---|
| 003 | EG-ScBUE | ||
| 005 | 20230404113930.0 | ||
| 008 | 970709s1997 nyua f b 000 0 eng d | ||
| 020 | _a9780942299533 | ||
| 035 | _a(OCoLC)ocm37267264 | ||
| 040 |
_aPUL _beng _erda _cPUL _dUNL _dKWW _dBAKER _dYDXCP _dOCLCG _dTLMRT _dUBY _dAU@ _dBDX _dGBVCP _dOCLCO _dOCLCF _dOCLCQ _dDEBSZ _dOCLCQ _dOCLCA _dEG-ScBUE |
||
| 041 | 1 |
_aeng _hger |
|
| 082 | 0 | 4 |
_a701.82 _bPAN _222 |
| 100 | 1 |
_aPanofsky, Erwin, _d1892-1968, _eauthor. |
|
| 240 | 1 | 0 |
_aPerspektive als symbolische Form. _lEnglish |
| 245 | 1 | 0 |
_aPerspective as symbolic form / _cErwin Panofsky ; translated by Christopher S. Wood. |
| 264 | 1 |
_aNew York : _bZone Books, _c1997. |
|
| 300 |
_a196 pages : _billustrations ; _c23 cm |
||
| 336 |
_atext _btxt _2rdacontent |
||
| 337 |
_aunmediated _bn _2rdamedia |
||
| 338 |
_avolume _bnc _2rdacarrier |
||
| 504 | _aIncludes bibliographical references. | ||
| 546 | _aText in English ; translated from the original Germany. | ||
| 650 | 7 |
_aPerspective. _2BUEsh |
|
| 653 |
_bART _cApril2023 |
||
| 655 | _vReading book | ||
| 700 | 1 |
_aWood, Christopher S., _etranslator. |
|
| 942 |
_2ddc _cBB |
||
| 999 |
_c30266 _d30237 |
||